Aspects of the Pre-Diabetic Period in Type 1 Diabetes.

Bibliographic Details
Main Author: Åkerman, Linda.
Format: eBook
Language:English
Published: Linköping : Linkopings Universitet, 2016.
Edition:1st ed.
Series:Linköping University Medical Dissertations Series
Subjects:
Online Access:Click to View
LEADER 01869nam a22003853i 4500
001 EBC4723036
003 MiAaPQ
005 20240729202201.0
006 m o d |
007 cr cnu||||||||
008 240729s2016 xx o ||||0 eng d
020 |a 9789176857113  |q (electronic bk.) 
035 |a (MiAaPQ)EBC4723036 
035 |a (Au-PeEL)EBL4723036 
035 |a (CaPaEBR)ebr11287187 
035 |a (OCoLC)961454521 
040 |a MiAaPQ  |b eng  |e rda  |e pn  |c MiAaPQ  |d MiAaPQ 
100 1 |a Åkerman, Linda. 
245 1 0 |a Aspects of the Pre-Diabetic Period in Type 1 Diabetes. 
250 |a 1st ed. 
264 1 |a Linköping :  |b Linkopings Universitet,  |c 2016. 
264 4 |c {copy}2016. 
300 |a 1 online resource (109 pages) 
336 |a text  |b txt  |2 rdacontent 
337 |a computer  |b c  |2 rdamedia 
338 |a online resource  |b cr  |2 rdacarrier 
490 1 |a Linköping University Medical Dissertations Series ;  |v v.1529 
505 0 |a Intro -- ABSTRACT -- TABLE OF CONTENTS -- POPULÄRVETENSKAPLIG SAMMANFATTNING -- LIST OF ORIGINAL PAPERS -- ABBREVIATIONS -- INTRODUCTION -- AIMS OF THE THESIS -- MATERIALS AND METHODS -- RESULTS AND DISCUSSION -- CONCLUDING REMARKS -- ACKNOWLEDGEMENTS -- REFERENCES. 
588 |a Description based on publisher supplied metadata and other sources. 
590 |a Electronic reproduction. Ann Arbor, Michigan : ProQuest Ebook Central, 2024. Available via World Wide Web. Access may be limited to ProQuest Ebook Central affiliated libraries.  
655 4 |a Electronic books. 
776 0 8 |i Print version:  |a Åkerman, Linda  |t Aspects of the Pre-Diabetic Period in Type 1 Diabetes  |d Linköping : Linkopings Universitet,c2016 
797 2 |a ProQuest (Firm) 
830 0 |a Linköping University Medical Dissertations Series 
856 4 0 |u https://ebookcentral.proquest.com/lib/matrademy/detail.action?docID=4723036  |z Click to View